Latex test methods (Record no. 22732)

MARC details
000 -LEADER
fixed length control field 00255nam a2200109Ia 4500
082 ## - DEWEY DECIMAL CLASSIFICATION NUMBER
Classification number 678.061(083.74)
Item number ANG
245 #0 - TITLE STATEMENT
Title Latex test methods
260 ## - PUBLICATION, DISTRIBUTION, ETC. (IMPRINT)
Place of publication Malaya
Name of publisher RRIM
650 ## - SUBJECT ADDED ENTRY--TOPICAL TERM
Topical Term Latex test
942 ## - ADDED ENTRY ELEMENTS (KOHA)
Koha item type Books
Holdings
Withdrawn status Lost status Damaged status Not for loan Home library Current library Date acquired Full call number Accession Number Koha item type
        RRII Library RRII Library 16/12/2021 678.061(083.74) ANG 03449 Books